| 000 | 00415nam a2200157Ia 4500 | ||
|---|---|---|---|
| 008 | 240729s9999 xx 000 0 und d | ||
| 022 | _a2673-8600 | ||
| 245 | 0 | _aFrontiers in Insect Science | |
| 260 | _aSwitzerland | ||
| 260 | _bFrontiers Media S.A. | ||
| 650 | _a Biology (General) | ||
| 650 | _aScience | ||
| 856 | _uhttps://doaj.org/toc/746156054b774afda8ff74fc8e73455c | ||
| 942 | _2ddc | ||
| 942 | _cDOAJEJ | ||
| 999 |
_c67968 _d67968 |
||
| 945 |
_a1 _bMadushi Gamage _c1 _dMadushi Gamage |
||